000 01600nam0a2200373 4500
001 RU\NLR\BIBL_A\022730461
005 20260426080629.0
010 _a978-5-377-21679-7
_93000
021 _aRU
_bКН-П-25-080485
_9КН-П-25-7798
035 _a(NLR Aleph) 022730461
090 _a13696713
_c13696713
100 _a20260218d2026 d y0rusy50 ca
101 0 _arus
102 _aRU
105 _aa j 000zy
181 0 _ai3
_baxxe
182 0 _an
200 1 _aАнализ произведений русской литературы
_eко всем действующим учебникам
_e7 класс
_fЕ. Л. Ерохина, Л. А. Аксенова
203 _aТекст
_bвизуальный
_cнепосредственный
205 _aИзд. 3-е, перераб. и доп.
210 _aМосква
_cЭкзамен
_d2026 (печ. 2025)
215 _a159 с.
_cтабл.
_d22
225 1 _aУчебно-методический комплект
_eУМК
225 1 _aНовый ФГОС
225 1 _aЛитература
320 _aБиблиогр. в подстроч. примеч.
606 1 _aРусская литература
_jУчебно-методические пособия для средней школы
_91032583
_3RU\NLR\AUTH\6678541
686 1 _aШ5(2=Р)я721-1
700 1 _aЕрохина
_bЕ. Л.
_gЕлена Ленвладовна
701 1 _aАксенова
_bЛ. А.
_gЛилия Алексеевна
942 _cBOOK
980 _aNB